Die Förderung des Aussenhandels

Enregistré dans:
Détails bibliographiques
Format: Livre
Langue:allemand
Publié: Halle Gebauer-Schwetschke [s.a.]
Tags: Ajouter un tag
Pas de tags, Soyez le premier à ajouter un tag!

MARC

LEADER 00000nam a2200000 4500
001 0307049
005 20250217104204.9
041 0 |a ger 
044 |a DE 
245 1 0 |a Die Förderung des Aussenhandels  |c Wilhelm Wendlandt 
264 1 |a Halle  |b Gebauer-Schwetschke  |c [s.a.]